Cracking the TOEFL (Record no. 272982)

000 -LEADER
fixed length control field 00210 a2200097 4500
001 - CONTROL NUMBER
control field 37909
090 ## - LOCALLY ASSIGNED LC-TYPE CALL NUMBER (OCLC); LOCAL CALL NUMBER (RLIN)
-- 24093
-- 24093
100 ## - MAIN ENTRY--PERSONAL NAME
Personal name Buffa L
245 ## - TITLE STATEMENT
Title Cracking the TOEFL
260 ## - PUBLICATION, DISTRIBUTION, ETC.
Place of publication, distribution, etc. India
Name of publisher, distributor, etc. Random House
Date of publication, distribution, etc. 1998
942 ## - ADDED ENTRY ELEMENTS (KOHA)
Institution code [OBSOLETE] NUST-CAE
Koha item type
--
Holdings
Withdrawn status Lost status Damaged status Not for loan Collection code Permanent Location Current Location Date acquired Total Checkouts Barcode Date last seen Price effective from Koha item type
          College of Aeronautical Engineering (CAE) College of Aeronautical Engineering (CAE) 04/03/2017   CAE69306 04/05/2017 04/05/2017 Book
© 2023 Central Library, National University of Sciences and Technology. All Rights Reserved.